Dhuvān / (Record no. 4104)
[ view plain ]
| 000 -LEADER | |
|---|---|
| fixed length control field | 00761cam a2200277Ia 4500 |
| 001 - CONTROL NUMBER | |
| control field | 5016107 |
| 003 - CONTROL NUMBER IDENTIFIER | |
| control field | Nust |
| 005 - DATE AND TIME OF LATEST TRANSACTION | |
| control field | 20170620123814.0 |
| 008 - FIXED-LENGTH DATA ELEMENTS--GENERAL INFORMATION | |
| fixed length control field | 920519s1977 pk 000 1 urd d |
| 010 ## - LIBRARY OF CONGRESS CONTROL NUMBER | |
| LC control number | 78935158 |
| 035 ## - SYSTEM CONTROL NUMBER | |
| System control number | (OCoLC)ocm25991793 |
| 035 ## - SYSTEM CONTROL NUMBER | |
| System control number | (NNC)5016107 |
| 040 ## - CATALOGING SOURCE | |
| Original cataloging agency | NYP |
| Transcribing agency | NYP |
| Modifying agency | CGU |
| -- | ZCU |
| 082 ## - DEWEY DECIMAL CLASSIFICATION NUMBER | |
| Classification number | 891.4391 |
| Author Mark | MAN |
| 090 ## - LOCALLY ASSIGNED LC-TYPE CALL NUMBER (OCLC); LOCAL CALL NUMBER (RLIN) | |
| Classification number (OCLC) (R) ; Classification number, CALL (RLIN) (NR) | PK2199.H338 |
| Local cutter number (OCLC) ; Book number/undivided call number, CALL (RLIN) | D5 1977 |
| 099 ## - LOCAL FREE-TEXT CALL NUMBER (OCLC) | |
| Classification number | P-U |
| -- | 78-935158 |
| 100 1# - MAIN ENTRY--PERSONAL NAME | |
| Personal name | Manṭo, Saʻādat Ḥasan, |
| Dates associated with a name | 1912-1955. |
| 9 (RLIN) | 1443 |
| 245 10 - TITLE STATEMENT | |
| Title | Dhuvān / |
| Statement of responsibility, etc. | Saʻādat Ḥasan Manṭo. |
| 260 ## - PUBLICATION, DISTRIBUTION, ETC. | |
| Place of publication, distribution, etc. | Lāhore : |
| Name of publisher, distributor, etc. | Maktabah-yi shiʻr va adab, |
| Date of publication, distribution, etc. | 1977. |
| 300 ## - PHYSICAL DESCRIPTION | |
| Extent | 253 p. ; |
| Dimensions | 18 cm. |
| 500 ## - GENERAL NOTE | |
| General note | Imprint date in Ms. on verso of t.p. |
| 500 ## - GENERAL NOTE | |
| General note | Short stories. |
| 546 ## - LANGUAGE NOTE | |
| Language note | In Urdu. |
| 880 ## - ALTERNATE GRAPHIC REPRESENTATION | |
| Linkage | 100-01\(3\r |
| Title | سعادت حسن منٹو |
| 880 ## - ALTERNATE GRAPHIC REPRESENTATION | |
| Linkage | 245-02\(3\r |
| Title | دھواں |
| c | سعادت حسن منٹو |
| 880 ## - ALTERNATE GRAPHIC REPRESENTATION | |
| Linkage | 260-03\(3\r |
| Title | لاہور: |
| b | الحمد پبلی کیشنز، |
| c | 2009 |
| 942 ## - ADDED ENTRY ELEMENTS (KOHA) | |
| Source of classification or shelving scheme | |
| Koha item type | Book |
| Withdrawn status | Lost status | Source of classification or shelving scheme | Damaged status | Not for loan | Collection code | Permanent Location | Current Location | Shelving location | Date acquired | Total Checkouts | Total Renewals | Full call number | Barcode | Date last seen | Date last checked out | Copy number | Price effective from | Koha item type |
|---|---|---|---|---|---|---|---|---|---|---|---|---|---|---|---|---|---|---|
| Central Library (CL) | Central Library (CL) | Fiction | 12/27/2016 | 7 | 8 | 891.4391 MAN | CL3092 | 02/28/2026 | 11/30/2023 | 1 | 12/27/2016 | Book |
